000 00788nam a22002057a 4500
999 _c5422
_d5422
003 AR-CdUCM
008 190312b ||||| |||| 00| 0 spa d
040 _aMUNICIPALIDAD PROVINCIAL DEL CUSCO
_cBIBLIOTECA MUNICIPAL DEL CUSCO
082 _a956.94 /
_bP27
100 _aPasoow, Meyer
_916332
245 _aCinco fechas cruciales /
260 _aIsrael :
_bDepartamento de Organización y Educación del Ejecutivo Wizo Mundial,
300 _a96 páginas ;
_bimágenes, retratos,
_c23 cm.
505 _aContenido: Las cruzadas -- El ocaso de la edad de oro en España -- Viene el Mesías -- Los muros se desmoronaron -- La pequeña hilera de piedras.
650 _aCruzadas
_916333
650 _aIsrael
_9360
650 _aDerechos judíos
_916334
942 _2ddc
_cLIBROS
945 _aachl